| 000 | 00837cam a2200313 4500 | ||
|---|---|---|---|
| 001 | J92803 | ||
| 008 | 090401t1999 xxu||||| |||| 00| 0 eng d | ||
| 020 | _a0904237184 | ||
| 035 | _a(Sirsi) u99477 | ||
| 041 | _aeng | ||
| 050 | _a333.33025 | ||
| 110 |
_aBuilding Economics Bureau Limited _91992 |
||
| 245 | _aEuropean directory of property developers, investors & financiers. | ||
| 250 | _a3rd ed. | ||
| 260 |
_aBromley, Kent _bBuilding Economics Bureau _c1999 |
||
| 300 | _a212p. ; 30cm. | ||
| 350 | _a97.50 | ||
| 650 | _aBANKS | ||
| 650 | _aDIRECTORIES | ||
| 650 | _aEUROPEAN UNION | ||
| 650 | _aFINANCE HOUSES | ||
| 650 | _aINSTITUTIONAL INVESTORS | ||
| 650 | _aINVESTMENT COMPANIES | ||
| 650 | _aPROPERTY COMPANIES | ||
| 650 | _aPROPERTY DEVELOPERS | ||
| 690 | _aEUROPE | ||
| 942 | _n0 | ||
| 948 | _c10/07/1998 | ||
| 999 |
_c99350 _d99350 |
||